00389nam a2200145Ia 4500003000400000008004100004040001600045082001800061100001800079245005800097260003700155300001000192650002400202650001700226GCL140319s9999 xx 000 0 eng d aGCL / cGCL04a616.1207bB P1 aBLAKE, THOMAS10aTHE PRACTICE OF ELECTROCARDIOGRAPHY / cBLAKE, THOMAS a[S.N] : bHUMANA PRESS ، c1994 a319 P04aELECTROCARDIOGRAPHY04aCARDIOGRAPHY